| 000 | 00964pam a2200265 a 4500 | ||
|---|---|---|---|
| 001 | 4752265 | ||
| 003 | ARRUPE | ||
| 005 | 20161005112624.0 | ||
| 008 | 851107s1986 cauac 000 0aeng | ||
| 010 | _a 85029092 | ||
| 020 | _a0878082034 (pbk.) | ||
| 040 |
_aDLC _cDLC _dDLC |
||
| 050 | 0 | 0 | _aBV3625.R532D63 1986 |
| 082 | 0 | 0 |
_a266/.76/0924 _aB _219 |
| 100 | 1 |
_aDodge, Ralph E. _q(Ralph Edward), _d1907- _926473 |
|
| 245 | 1 | 4 |
_aThe revolutionary bishop : _bwho saw God at work in Africa : an autobiography / _cRalph E. Dodge. |
| 260 |
_aPasadena, Calif. : _bWilliam Carey Library, _cc1986. |
||
| 300 |
_ax, 211 p.; _bill., ports. ; _c22 cm. |
||
| 600 | 1 | 0 |
_aDodge, Ralph E. _q(Ralph Edward), _d1907- _926473 |
| 650 | 0 |
_aMissionaries _zZimbabwe _xBiography. _926474 |
|
| 650 | 0 |
_aMissionaries _zAngola _xBiography. _926475 |
|
| 650 | 0 |
_aMissionaries _zUnited States _xBiography. _926476 |
|
| 906 |
_a7 _bcbc _corignew _d1 _eocip _f19 _gy-gencatlg |
||
| 942 |
_2lcc _cMONOGRAPH |
||
| 999 |
_c125420 _d125420 |
||